STN EN 15095+A1: 2009 (29 7410) Mechanicky poháňané mobilné regály a policové regály, karusely a skladovacie výťahy. Bezpečnostné požiadavky

Táto norma je slovenskou verziou európskej normy EN 15095: 2007+A1: 2008. Preklad zabezpečil Slovenský ústav technickej normalizácie. Táto norma má rovnaké postavenie, ako majú oficiálne verzie

Bibliographic Details
Corporate Author: PR CONSULTING (Brezno, Slovensko) (Author)
Other Authors: Rusňák, Peter (Translator)
Format: Book
Language:Slovak
English
PhysicalDescription:40 s. obr., tab. 30 cm
Published: Bratislava Slovenský ústav technickej normalizácie 2009
Subjects:

MARC

LEADER 00000nam a2200000 a 4500
001 vtls009839420
003 SK-MaSNL
005 20260301142454.0
008 130117s2009 xo ka f u 000 0 slo
015 |a SNBN2010/01-00171 
020 |c (cen. skup. 13) 
035 |a (SVKBBclas03)vtls000310110 
040 |a SNK  |b slo  |c SNK  |e AACR2 
041 1 |a slo  |h eng 
044 |a xo  |c SK 
046 |a s  |m 200905 (účin. ) 
072 7 |a 621  |x Strojárstvo  |2 konspekt 
080 |a 621.796  |2 2001 
080 |a 006.7/.8  |2 2001 
080 |a (437.6) 2 2001  |2 1981 
080 |a (4)  |2 2001 
080 |a 621.868.3  |2 2001 
080 |a 331.45  |2 2001 
084 |a 53.080  |2 ICS 
130 0 |a STN 26 7410 (STN EN 15095+A1)  |9 498095 
245 1 0 |a STN EN 15095+A1: 2009 (29 7410) Mechanicky poháňané mobilné regály a policové regály, karusely a skladovacie výťahy. Bezpečnostné požiadavky  |c spracovateľ PR CONSULTING, Brezno, Peter Rusňák 
246 1 0 |a Mechanicky poháňané mobilné regály a policové regály, karusely a skladovacie výťahy 
246 3 0 |a EN 15095: 2007+A1: 2008 E 
246 1 0 |a Bezpečnostné požiadavky 
260 |a Bratislava  |b Slovenský ústav technickej normalizácie  |c 2009 
300 |a 40 s.  |b obr., tab.  |c 30 cm 
500 |a Táto norma nahrádza STN EN 15095 z júna 2008 v celom rozsahu. STN EN 15095 z júna 2008 sa môže ssúbežne s touto normou používať do 28.12.2009 
504 |a Citované normy, súvisiace právne predpisy s. 2 ; literatúra s. 39 
520 8 |a Táto norma je slovenskou verziou európskej normy EN 15095: 2007+A1: 2008. Preklad zabezpečil Slovenský ústav technickej normalizácie. Táto norma má rovnaké postavenie, ako majú oficiálne verzie 
540 |a STN vydané na akomkoľvek nosiči sa môžu rozmnožovať a rozširovať iba so súhlasom určenej právnickej osoby  |b SÚTN Bratislava  |c zákon 264/1999 Z. z. 
650 0 7 |a skladovanie  |2 SVKBBPH  |9 14941 
650 0 7 |a technické normy a štandardy  |z Slovensko  |2 SVKBBPH  |9 79594 
650 0 7 |a technické normy a štandardy  |z krajiny Európskej únie  |2 SVKBBPH  |9 289341 
650 0 7 |a mobilné regály  |2 SVKBBPH  |9 498096 
650 0 7 |a karusely (slávnosti)  |2 SVKBBPH  |9 151983 
650 0 7 |a bezpečnostné požiadavky  |2 SVKBBPH  |9 292186 
655 7 |a normy  |2 SVKBBPH  |9 70643 
700 1 |a Rusňák, Peter  |4 trl  |9 5405 
710 2 |a PR CONSULTING (Brezno, Slovensko)  |4 aut  |9 321393 
710 2 |a Slovenský ústav technickej normalizácie (Bratislava, Slovensko)  |b Technická komisia: TK 100 Zdvíhacie zariadenia, žeriavy  |4 stn  |9 166789 
774 1 8 |t STN EN 15095: 2008  |d Bratislava: Slovenský ústav technickej normaizácie, 2008  |w vtls009827862 
958 |a OP 
958 |a NB 
999 |c 770339  |d 772269 
952 |a SNK  |b SNK  |y PREZ  |7 0  |p 17A0623271  |o snkSTN EN 15095+A1  |i snk2009/10311  |8 0  |0 0  |1 0  |4 0  |d 2009-06-09  |l 0  |r 2026-02-24 00:32:53  |w 2026-02-24 
952 |a SNK  |b SNK  |y PREZ  |7 0  |p 17A0623270  |o snkSTN EN 15095+A1 D1  |i snk2009/10312  |8 0  |0 0  |1 0  |4 0  |d 2009-06-09  |l 0  |r 2026-02-24 00:32:53  |w 2026-02-24